ბათუმის შოთა რუსთაველის სახელმწიფო უნივერსიტეტის ბიბლიოთეკა

ახალი მედიუმი : (ბიბ.ჩანაწერი № 60644)

000 -ლიდერი
ფიქსირებული სიგრძის საკონტროლო ველი 01189nam a22002177a 4500
003 - საკონტროლო ნომრის იდენტიფიკატორი
საკონტროლო ველი Ge_BSU
005 - ბოლო ოპერაციის თარიღი და დრო
საკონტროლო ველი 20230928110202.0
008 - ფიქსირებული სიგრძის მონაცემთა ელემენტები - ზოგადი ინფორმაცია
ფიქსირებული სიგრძის საკონტროლო ველი 230928s2021 ge ||||| |||| 00| 0 geo d
020 ## - წიგნის საერთაშორისო სტანდარტული ნომერი
International Standard Book Number 9789941976773
041 ## - ენის კოდი
Language code of text/sound track or separate title geo
080 ## - უნივერსალური ათობითი კლასიფიკაციის ინდექსი
Universal Decimal Classification number 004.7:070 ჭ-55
100 ## - მთავარი ჩანაწერი - პიროვნების სახელი
Personal name ჭიჭინაძე, რევაზ
9 (RLIN) 19940
245 ## - ცნობა სათაურის შესახებ
Title ახალი მედიუმი :
Remainder of title ციფრული მედია და მედიაარტის ძირითადი სახეები : (დამხმარე სახელმძღვანელო) /
Statement of responsibility, etc რევაზ ჭიჭინაძე ; ყდის დიზაინი გუგა კერესელიძე.
264 ## - წარმოების, გამოცემის, დისტრიბუციის და სხვა ცნობები
გამოცემის, წარმოების, დისტრიბუციის... ადგილი თბილისი :
გამოცემის, წარმოების, დისტრიბუციის... სახელწოდება კენტავრი,
გამოცემის, წარმოების, დისტრიბუციის... თარიღი 2021.
300 ## - ფიზიკური აღწერა
Extent 126 გვ. :
Other physical details ილ. ;
Dimensions 19 სმ.
504 ## - BIBLIOGRAPHY, ETC. NOTE
Bibliography, etc ბიბლიოგრაფია: გვ. 119-124 და ტექსტის შენიშვნებში.
653 ## - INDEX TERM--UNCONTROLLED
Uncontrolled term ციფრული მედია
653 ## - INDEX TERM--UNCONTROLLED
Uncontrolled term ჟურნალისტიკა
700 ## - ADDED ENTRY--PERSONAL NAME
Personal name კერესელიძე, გუგა
Relator term ყდის დიზაინერი.
9 (RLIN) 19941
942 ## - ADDED ENTRY ELEMENTS (KOHA)
Source of classification or shelving scheme
Koha item type წიგნი
ეგზემპლარები
ჩამოწერის სტატუსი დაკარგული ეგზემპლარის სტატუსი კლასიფიკაციის წყარო ან თაროზე გაწყობის სქემა დაზიანების სტატუსი არ გაიცემა მუდმივი მდებარეობა (დაცვის ადგილი) ამჟამინდელი ადგილსამყოფელი თაროზე განთავსების ადგილი შეძენის თარიღი ღირებულება, შესყიდვის ნორმალური ფასი სრული შენახვის შიფრი შტრიხკოდი ბოლო ოპერაციის თარიღი ეგზემპლარის მიმდევრობითი ნომერი (კეტერი?) ფასის ძალაში შესვლის თარიღი ეგზემპლარის სახეობა საჯარო შენიშვნა
          ბათუმის შოთა რუსთაველის სახელმწიფო უნივერსიტეტის მთავარი ბიბლიოთეკა ბათუმის შოთა რუსთაველის სახელმწიფო უნივერსიტეტის მთავარი ბიბლიოთეკა წიგნსაცავი 2023-09-28 6.00 004.7:070 ჭ-55 29754 2023-09-28 29754 2023-09-28 წიგნი 6 ლ.